Iqbāl aur Bhūpāl / (Record no. 331740)
[ view plain ]
| 000 -LEADER | |
|---|---|
| fixed length control field | 00891cam a22002534a 4500 |
| 001 - CONTROL NUMBER | |
| control field | 9475448 |
| 003 - CONTROL NUMBER IDENTIFIER | |
| control field | NUST |
| 005 - DATE AND TIME OF LATEST TRANSACTION | |
| control field | 20171023123238.0 |
| 008 - FIXED-LENGTH DATA ELEMENTS--GENERAL INFORMATION | |
| fixed length control field | 891207s1973 pk af b 001 0 urdo |
| 010 ## - LIBRARY OF CONGRESS CONTROL NUMBER | |
| LC control number | 73930380 |
| 035 ## - SYSTEM CONTROL NUMBER | |
| System control number | (OCoLC)20748024 |
| 040 ## - CATALOGING SOURCE | |
| Original cataloging agency | DLC |
| Transcribing agency | DLC |
| 043 ## - GEOGRAPHIC AREA CODE | |
| Geographic area code | a-ii--- |
| 050 00 - LIBRARY OF CONGRESS CALL NUMBER | |
| Classification number | PK2199.I65 |
| Item number | Z868 1973 |
| 082 ## - DEWEY DECIMAL CLASSIFICATION NUMBER | |
| Classification number | 891.431 |
| Author Mark | SAH |
| 100 0# - MAIN ENTRY--PERSONAL NAME | |
| Personal name | Ṣahbā Lakhnavī, |
| Dates associated with a name | 1919-2002. |
| 9 (RLIN) | 5567 |
| 245 10 - TITLE STATEMENT | |
| Title | Iqbāl aur Bhūpāl / |
| Statement of responsibility, etc. | Ṣahbā Lakhnavī. |
| 260 ## - PUBLICATION, DISTRIBUTION, ETC. | |
| Place of publication, distribution, etc. | Lahore : |
| Name of publisher, distributor, etc. | Iqbāl Akādmī, Pākistān, |
| Date of publication, distribution, etc. | 2000. |
| 300 ## - PHYSICAL DESCRIPTION | |
| Extent | 408 p., [8] p. of plates : |
| Other physical details | ill. ; |
| Dimensions | 25 cm. |
| 504 ## - BIBLIOGRAPHY, ETC. NOTE | |
| Bibliography, etc. note | Includes bibliographical references (p. 301-302) and index. |
| 546 ## - LANGUAGE NOTE | |
| Language note | In Urdu. |
| 600 10 - SUBJECT ADDED ENTRY--PERSONAL NAME | |
| Personal name | Iqbal, Muhammad, |
| Titles and other words associated with a name | Sir, |
| Dates associated with a name | 1877-1938. |
| 9 (RLIN) | 20 |
| 651 #0 - SUBJECT ADDED ENTRY--GEOGRAPHIC NAME | |
| Geographic name | Bhopal (Princely State) |
| General subdivision | History. |
| 9 (RLIN) | 5568 |
| 880 ## - ALTERNATE GRAPHIC REPRESENTATION | |
| Linkage | 100-01\(3\r |
| Title | صہبا لکھنوی |
| 880 ## - ALTERNATE GRAPHIC REPRESENTATION | |
| Linkage | 245-02\(3\r |
| Title | اقبال اور بھوپال |
| c | صہبا لکھنوی |
| 880 ## - ALTERNATE GRAPHIC REPRESENTATION | |
| Linkage | 260-03\(3\r |
| Title | لاہور: |
| b | اقبال اکیڈیمی پاکستان، |
| c | 2000 |
| 906 ## - LOCAL DATA ELEMENT F, LDF (RLIN) | |
| a | 7 |
| b | cbc |
| c | premver |
| d | 1 |
| e | ncip |
| f | 19 |
| g | y-gencatlg |
| 942 ## - ADDED ENTRY ELEMENTS (KOHA) | |
| Source of classification or shelving scheme | |
| Koha item type | Book |
| Withdrawn status | Lost status | Source of classification or shelving scheme | Damaged status | Not for loan | Permanent Location | Current Location | Shelving location | Date acquired | Total Checkouts | Full call number | Barcode | Date last seen | Date last checked out | Copy number | Price effective from | Koha item type |
|---|---|---|---|---|---|---|---|---|---|---|---|---|---|---|---|---|
| Central Library (CL) | Central Library (CL) | Book Cart | 10/23/2017 | 1 | 928.91439 SAH | CL2132 | 07/11/2024 | 06/24/2024 | 1 | 10/23/2017 | Book |
